Seas on Planet Earth - Statistics

General Stats
  • This quiz has been taken 86 times
    13 since last reset
  • The average score is 16 of 44
Answer Stats
Hint Answer % Correct
Between Croatia and Italy Adriatic Sea
73%
Between Greece and Turkey Aegean Sea
73%
Between Scandinavia, Poland, Lithuania, Latvia and Estonia Baltic Sea
64%
Between Alaska and Russia Bering Sea
64%
Between Europe and Africa Mediterranean Sea
64%
Between United Kingdom and Scandinavia North Sea
64%
Between Australia and New Zealand Tasman Sea
64%
Between Ukraine and Turkey Black Sea
55%
Between South America and North America Caribbean Sea
55%
Between Ireland and Great Britain Irish Sea
55%
Between Saudi Arabia and Egypt Red Sea
55%
Between Spain and Balearic Islands Balearic Sea
45%
Between Bosphorus and Dardanelles straits Sea of Marmara
45%
South coast of Myanmar Andaman Sea
36%
Between Arabian peninsula and India Arabian Sea
36%
North coast of Alaska Beaufort Sea
36%
Between Ireland, Great Britain and France Celtic Sea
36%
Between Japan and China East China Sea
36%
Between Greenland and Svalbard Greenland Sea
36%
Between Greece and Italy Ionian Sea
36%
Easternmost part of the Mediterranean Sea Levantine Sea
36%
Between Norway and Iceland Norwegian Sea
36%
Between Philippines and Japan Philippine Sea
36%
Between China, Vietnam and Philippines South China Sea
36%
Northwestern Antarctica Weddell Sea
36%
Between Scandinavia, Russia and Svalbard Barents Sea
27%
Between Antarctica and South America Bellingshausen Sea
27%
Between Australia and New Caledonia Coral Sea
27%
Between Java and Borneo Java Sea
27%
Between India and Sri Lanka Laccadive Sea
27%
Southern Antarctica Ross Sea
27%
Between Japan, Russia, South and North Korea Sea of Japan
27%
Between Kamchatka and Japan Sea of Okhotsk
27%
Between Australia and Indonesia Timor Sea
27%
Between Italy, Sicily and Sardinia Tyrrhenian Sea
27%
Between South Korea and China Yellow Sea
27%
Between Russia and Novaya Zemlya Kara Sea
18%
Between Newfoundland and Greenland Labrador Sea
18%
Northwestern Atlantic Ocean Sargasso Sea
18%
Between Papua New Guinea and Solomon Islands Solomon Sea
18%
Between Philippines, Borneo and Sulavesi Celebes Sea
9%
North coast of Russia Laptev Sea
9%
West from Sulawesi Molucca Sea
9%
Between Philippines and Indonesia Sulu Sea
9%
No matching quizzes found
Score Distribution
Percent of People with Each Score
Percentile by Number Answered
Your Score History
You have not taken this quiz since the last reset